000 01187nam a22003377a 4500
003 CHAP
005 20220329141637.0
008 971013s1962 r 00010 d
010 _a71536
011 _a72508
035 _a82063
040 _cCHAP
090 _aTesis
100 0 0 _aAguila Vargas, Enrique.
_92633
245 _aEstudio económico del costo de producción agrícola, bajo el sistema de riego por bombeo, Ojocaliente, Zacatecas
260 _aChapingo, Méx. :
_bEl autor,
_c1962
300 _a51 h.
502 _aTesis (Ing. Agr. Esp. en Economía Agrícola) -- ENA. Departamento de Economía Agrícola
590 _aALEPH
_b10
_c20130110
_lUCH01
_h1412
590 _aBATCH-UPD
_b10
_c20130110
_lUCH01
_h0439
590 _aBATCH-UPD
_b10
_c20130410
_lUCH01
_h0115
590 _aBATCH-UPD
_b10
_c20130410
_lUCH01
_h1529
590 _aBATCH-UPD
_b10
_c20130913
_lUCH01
_h2310
590 _aCONVERSION
_b10
_c20130109
_lUCH01
_h1339
650 1 4 _aAgricultura
_xAspectos economicos
_xZacatecas.
_91307
650 1 4 _aIrrigación
_xZacatecas.
_960498
901 _aBK
942 _cFOLL
949 _bBC
_cTES
_d-35875
_eTS1
_i82063
_si
949 _bBC
_cTES
_d-35876
_eTS2
_fc.2
_i82063
_si
999 _c71536
_d71536